000 00896nam a2200265Ia 4500
003 OSt
005 20220930204346.0
006 a|||||r|||| 00| 0
007 ta
008 220926b |||||||| |||| 00| 0 eng d
024 _a9469
037 _cDissertations
040 _aCRL
_cCRL
_beng
041 _2eng
_aeng
100 _aMayanglambam Thoibi Devi Au.
_9566927
110 _aUniversity of delhi. Faculty of Sciences. Department of Zoology
245 0 _aBiodegradation of endosulfan by pseudomonas species K2 and klebsiella pneumoniae IW1 and endosulfan sulphate by klebsiella pneumoniae IW1
260 _c2012
300 _a127
_ccm.
650 _aZOOLOGY
700 _a Dr. D. K. Singh Gu.
700 _aUniversity of delhi. Faculty of Sciences. Department of Zoology
942 _cDIS
_2CC
999 _c905926
_d905926